Countries with the Fewest Foreign-Born Residents - Statistics

General Stats
  • This quiz has been taken 1,249 times
  • The average score is 9 of 25
Answer Stats
Rank Percentage of Immigrants Answer % Correct
7. 0.16% North Korea
78%
11. 0.2944% China
58%
14. 0.3401% Mongolia
55%
3. 0.0972% Iraq
53%
5. 0.144% Afghanistan
52%
25. 0.422% Laos
48%
9. 0.2316% Myanmar
44%
1. 0.0249% Vietnam
41%
15. 0.3403% Mali
39%
12. 0.334% Lesotho
35%
20. 0.3518% Haiti
34%
16. 0.3408% Eritrea
32%
2. 0.0718% Indonesia
32%
4. 0.1332% Guyana
29%
21. 0.3609% Honduras
29%
17. 0.3429% El Salvador
28%
23. 0.4141% Guatemala
27%
8. 0.2242% Egypt
26%
13. 0.3386% Madagascar
26%
6. 0.1502% Peru
26%
19. 0.3513% Angola
25%
18. 0.3439% Brazil
25%
10. 0.2697 Colombia
24%
24. 0.4193% Morocco
24%
22. 0.3762% Tunisia
21%
No matching quizzes found
Score Distribution
Percent of People with Each Score
Percentile by Number Answered
Your Score History
You have not taken this quiz